ՀՀ Գիտությունների ազգային ակադեմիայի հիմնարար գիտական գրադարան  =   Fundamental Scientific Library of NAS RA

Гидравлика : (Record no. 491354)

MARC details
000 -LEADER
fixed length control field 00491nam a2200169 a 4500
001 - CONTROL NUMBER
control field 000080641
003 - CONTROL NUMBER IDENTIFIER
control field AM-YeHGA
005 - DATE AND TIME OF LATEST TRANSACTION
control field 20250617162523.0
008 - FIXED-LENGTH DATA ELEMENTS--GENERAL INFORMATION
fixed length control field 981209s1947 ai ||| |||||||rus d
040 ## - CATALOGING SOURCE
Original cataloging agency AM-YeHGA
090 ## - LOCALLY ASSIGNED LC-TYPE CALL NUMBER (OCLC); LOCAL CALL NUMBER (RLIN)
-- 494726
100 1# - MAIN ENTRY--PERSONAL NAME
Personal name Есьман, И.Г.
245 10 - TITLE STATEMENT
Title Гидравлика :
Remainder of title Учебное пособие /
Statement of responsibility, etc. И.Г. Есьман.
260 ## - PUBLICATION, DISTRIBUTION, ETC.
Place of publication, distribution, etc. Баку ;
-- Л. :
Name of publisher, distributor, etc. Азнефтеиздат ,
Date of publication, distribution, etc. 1947.
300 ## - PHYSICAL DESCRIPTION
Extent 276 с.
650 14 - SUBJECT ADDED ENTRY--TOPICAL TERM
Topical term or geographic name entry element Гидравлика
Holdings
Withdrawn status Lost status Damaged status Not for loan Collection Home library Current library Date acquired Total checkouts Full call number Barcode Date last seen Price effective from Koha item type Public note
        General Fundamental Scientific Library Fundamental Scientific Library 13/03/2019   РД II/49930 FL0563741 13/03/2019 13/03/2019 Գրքեր / Books 30 Days Loan
        General Fundamental Scientific Library Fundamental Scientific Library 13/03/2019   РД II/49931 FL0563742 13/03/2019 13/03/2019 Գրքեր / Books 30 Days Loan


ՀՀ ԳԱԱ հիմնարար գիտական գրադարան
ՀՀ,Երևան 0019
Մարշալ Բաղրամյան 24/6
հեռախոս:(374-10) 52-47-50
Հետադարձ կապ

All site content, except where otherwise noted, is licensed under a
Creative Commons License